GST Goods and services Tax (Record no. 10436)

MARC details
000 -LEADER
fixed length control field 00520cam a2200205ua 4500
001 - CONTROL NUMBER
control field 11636
005 - DATE AND TIME OF LATEST TRANSACTION
control field 20260515114758.0
008 - FIXED-LENGTH DATA ELEMENTS--GENERAL INFORMATION
fixed length control field 191014n ii |||gr||||Z||||||eng
020 ## - INTERNATIONAL STANDARD BOOK NUMBER
International Standard Book Number 9789386016652
040 ## - CATALOGING SOURCE
Transcribing agency MAIN
082 ## - DEWEY DECIMAL CLASSIFICATION NUMBER
Classification number 336.27140954
100 ## - MAIN ENTRY--PERSONAL NAME
Personal name Prakash A. Deshmukh,
Relator term Author.
245 ## - TITLE STATEMENT
Title GST Goods and services Tax
Statement of responsibility, etc. By Prakash A. Deshmukh
250 ## - EDITION STATEMENT
Edition statement 1st ed.
260 ## - PUBLICATION, DISTRIBUTION, ETC.
Place of publication, distribution, etc. Kanpur:
Name of publisher, distributor, etc. Chandralok Prakashan,
Date of publication, distribution, etc. 2017.
300 ## - PHYSICAL DESCRIPTION
Extent 328p.
653 ## - INDEX TERM--UNCONTROLLED
Uncontrolled term Public finance
653 ## - INDEX TERM--UNCONTROLLED
Uncontrolled term GST Tax
942 ## - ADDED ENTRY ELEMENTS (KOHA)
Koha item type Books
Holdings
Withdrawn status Lost status Damaged status Not for loan Home library Current library Shelving location Date acquired Total checkouts Full call number Barcode Date last seen Date last checked out Copy number Price effective from Koha item type
        Naharkatiya College Library Naharkatiya College Library General stacks 09/19/2020 4 336.27140954Commerce | DES 27073 04/01/2025 03/22/2025 1 09/19/2020 Books